000 01445nam a2200337 a 4500
001 00000254
003 DO-SdBNP
005 20160627135625.0
007 00000254
008 150130s2012 dr ac 000 0 spa d
020 _a9789945174304
040 _aBPMSU
_bspa
_cBPMSU
092 _a372.257
_bC569n, 8vo. 2012
245 0 0 _aCiencias naturales 8 :
_beducación básica /
_ccolaboración Horacio Arredondo; dirección editorial Doris Arroba Jácome ; ilustraciones Luisa María Reyes Frías
260 _aSanto Domingo :
_bSM,
_c2012.
300 _a199 p. :
_bil., retrs. ;
_c29 cm.
490 1 _aProyecto Sé
505 1 _tLa ciencia y sus métodos --
_tLos átomos se enlazan --
_tReacciones químicas --
_tFuerza y movimiento --
_tTrabajo y energía --
_tLa luz y sus propiedades --
_tElectricidad y magnetismo --
_tSalud y enfermedad --
_tMente y cuerpo para toda la vida --
_tAgropecuaria dominicana --
650 4 _aCIENCIAS NATURALES
_xENSEÑANZA BÁSICA
650 4 _aCIENCIAS NATURALES
_xEDUCACIÓN PRIMARIA
650 4 _aEDUCACIÓN PRIMARIA
_zREPÚBLICA DOMINICANA
650 4 _aCIENCIAS NATURALES
_xESTUDIOS Y EJERCICIOS
650 4 _aCIENCIAS NATURALES
_xLIBROS DE TEXTOS
700 1 2 _aArredondo, Horacio
_ecolab.
700 1 2 _aArroba Jácome, Doris
_eed.
700 1 2 _aReyes Frías, Luisa María
_eil.
830 0 _aProyecto Sé
910 _aValidado. Control de calidad MFF
942 _2ddc
_cBK
956 _aYLOCKWARD
_b10
999 _c9825
_d9825